000 00398pab a2200169 454500
008 180718b1972 xxu||||| |||| 00| 0 eng d
100 _aVenkatanarayanan, R.
245 _aTraining of IAS officers
260 _c1972
300 _ap.270-279.
362 _aApr-Jun
650 _aIAS
650 _aTraining
773 _aIndian Journal of Public Administration
908 _aN
909 _a99958
999 _c99957
_d99957